| 000 | 00447nam a22001457a 4500 | ||
|---|---|---|---|
| 005 | 20250118140657.0 | ||
| 008 | 250118b |||||||| |||| 00| 0 eng d | ||
| 020 | _a9780517584217 | ||
| 050 |
_aR605 _b.P47 |
||
| 100 | _aChopra, Deepak | ||
| 245 |
_aPerfect Health/ _bthe complete mind/body guide _cDeepak Chopra, illustrated by Stephen Van Damme |
||
| 260 |
_aNew York _bHarmony Books _c1991 |
||
| 300 |
_avi. 325p. _bill. _c22.5cm |
||
| 942 |
_2lcc _cBK _n0 |
||
| 999 |
_c2670 _d2670 |
||